00775cam a22002657a 450000100090000000300050000900500170001400800410003101000170007202500270008904000180011604200100013405000250014408200180016910000210018724500340020826000490024230000210029150000110031254600130032365000280033688000370036488000520040188000560045314528353NUST20170726125002.0060831s2005 pk 000 p urd  a 2006333203 aP-U-2006333203; 10; 11 aDLCcDLCdDLC alcode00aMLCMA 2006/00586 (P) a891.4391bBEL1 aBelā, Abdāl.10aLab bastah /cAbdāl Belā. aLāhore :bFeroz Sanz Limīṭiḍ,c2005. a248 p. ;c23 cm. aPoems. aIn Urdu. aUrdu LiteraturevPoetry 6100-01\(3\raابدال بیلا 6245-02\(3\raلب بستہcابدال بیلا 6260-03\(3\raلاہور:bفیروز سنز،c2005